Straßenbahnlinien Wiens Straßen zuordnen - Statistics

General Stats
  • This quiz has been taken 40 times
    11 since last reset
  • The average score is 21 of 29
Answer Stats
Hint Answer % Correct
18 Gürtel - Schlachthausgasse
90%
10 Hietzinger Hauptstraße - Breitenseer Straße - Sandleitengasse
90%
43 Alser Straße - Hernalser Hauptstraße
80%
25 Langobardenstraße - Erzherzog-Karl-Straße - Donaufelder Straße
80%
O Laxenburger Straße - Ungargasse - Nordbahnstraße
80%
52 Linzer Straße - Mariahilfer Straße
80%
60 Mariahilfer Straße - Lainzer Straße - Speisinger Straße
80%
D Prinz-Eugen-Straße - Ring - Heiligenstädter Straße
80%
71 Ring - Rennweg - Simmeringer Hauptstraße
80%
31 Untere Augartenstraße - Klosterneuburger Straße - Brünner Straße
80%
12 Vorgartenstraße - Dresdner Straße - Jäger Straße - Spitalgasse
80%
62 Wiedner Hauptstraße - Breitenfurter Straße - Hetzendorfer Straße
80%
1 Wiedner Hauptstraße - Ring - Löwengasse
80%
2 Wilhelminenstraße - Josefstädter Straße - Ring - Dresdner Straße
80%
38 Billrothstraße - Währinger Straße
70%
30 Brünner Straße
70%
49 Hütteldorfer Straße - Siebensterngasse
70%
5 Kaiserstraße - Alserbachstraße - Wallensteinstraße
70%
46 Lerchenfelder Straße - Thaliastraße
70%
9 Märzstraße - Rosensteingasse - Kreuzgasse
70%
11 Neilreichgasse - Geiselbergstraße - Simmeringer Hauptstraße
70%
26 Oberfeldgasse - Donaufelder Straße - Prager Straße
70%
44 Ottakringer Straße - Alser Straße
70%
37 Währinger Straße - Döblinger Hauptstraße
70%
6 Gürtel - Quellenstraße
60%
42 Kreuzgasse - Währinger Straße
60%
33 Marchfeldstraße - Jägerstraße - Althanstraße
60%
41 Währinger Straße - Gersthofer Straße
50%
40 Währinger Straße - Herbeckstraße
50%
No matching quizzes found
Score Distribution
Percent of People with Each Score
Percentile by Number Answered
Your Score History
You have not taken this quiz since the last reset